Effect of fresh pumpkin (Cucurbita pepo L.) leaves and shrimp by-product supplementation on C.P concentrate on growth rate of avian broiler at animal experimental station of rua, ឥទ្ធិពលនៃការបន្ថែមស្លឹកល្ពៅស្រស់ និងអនុផលបង្គាលើចំណីផ្សំC.P​ លើការលូតលាស់មាន់សាច់AVIAN នៅស្ថានីយពិសោធន៍សត្វនៃសាកលវិទ្យាល័យភូមិន្ទកសិកម្ម (Record no. 2468)

000 -LEADER
fixed length control field 00920nam a22001337a 4500
040 ## - CATALOGING SOURCE
Transcribing agency RUA
082 ## - DEWEY DECIMAL CLASSIFICATION NUMBER
Classification number AVM HEA 2010 B096 Or.1
100 ## - MAIN ENTRY--AUTHOR NAME
Personal name HEAK, CHHAIDEN.
245 ## - TITLE STATEMENT
Title Effect of fresh pumpkin (Cucurbita pepo L.) leaves and shrimp by-product supplementation on C.P concentrate on growth rate of avian broiler at animal experimental station of rua, ឥទ្ធិពលនៃការបន្ថែមស្លឹកល្ពៅស្រស់ និងអនុផលបង្គាលើចំណីផ្សំC.P​ លើការលូតលាស់មាន់សាច់AVIAN នៅស្ថានីយពិសោធន៍សត្វនៃសាកលវិទ្យាល័យភូមិន្ទកសិកម្ម
260 ## - PUBLICATION, DISTRIBUTION, ETC. (IMPRINT)
Place of publication Phnom Penh
Name of publisher RUA
Year of publication 2010
300 ## - PHYSICAL DESCRIPTION
Number of Pages x; 45p.
Other physical details ill.
Dimensions 29cm.
856 ## - ELECTRONIC LOCATION AND ACCESS
Uniform Resource Identifier https://drive.google.com/file/d/1MeKnt3ciyHENosBgpWjWa_ewTdjq_3CO/view?usp=sharing
942 ## - ADDED ENTRY ELEMENTS (KOHA)
Koha item type AVM
952 ## - LOCATION AND ITEM INFORMATION (KOHA)
Withdrawn status [LOCAL, KOHA] 0
952 ## - LOCATION AND ITEM INFORMATION (KOHA)
Withdrawn status [LOCAL, KOHA] 0
952 ## - LOCATION AND ITEM INFORMATION (KOHA)
Withdrawn status [LOCAL, KOHA] 0
952 ## - LOCATION AND ITEM INFORMATION (KOHA)
Withdrawn status [LOCAL, KOHA] 0
952 ## - LOCATION AND ITEM INFORMATION (KOHA)
Withdrawn status [LOCAL, KOHA] 0
952 ## - LOCATION AND ITEM INFORMATION (KOHA)
Withdrawn status [LOCAL, KOHA] 0
952 ## - LOCATION AND ITEM INFORMATION (KOHA)
Withdrawn status [LOCAL, KOHA] 0
Holdings
Permanent Location Date acquired Koha item type Lost status Shelving location Barcode Current Location Full call number
Library Block B2015-10-21AVM B096RUA020312Library Block BAVM HEA 2010 B096 Or.1
Library Block B2015-10-21AVM B096RUA020314Library Block BAVM HEA 2010 B096 Or.2
Library Block B2015-10-21AVM B096RUA020315Library Block BAVM HEA 2010 B096 Or.3
Library Block B2015-10-21AVM B096RUA019902Library Block BAVM HEA 2010 B096 Or.4
Library Block B2015-10-21AVM B096RUA019851Library Block BAVM HEA 2010 B096 Or.5
Library Block B2015-10-21AVM B096RUA019856Library Block BAVM HEA 2010 B096 Or.6
Library Block B2015-10-21AVM B096RUA019633Library Block BAVM HEA 2010 B096 Or.7
មជ្ឈមណ្ឌលឯការនៃសាកលវិទ្យាល័យភូមិន្ទកសិកម្មចំការដូង

Powered by Koha